| 000 | 00492cam a22001577a 4500 | ||
|---|---|---|---|
| 008 | 180718b2002 xxu||||| |||| 00| 0 eng d | ||
| 020 | _a0821351406 | ||
| 082 | _aV43 P683b | ||
| 100 | _aPitman, George Keith | ||
| 245 |
_aBridging troubled waters: assessing the World Bank water resources strategy _cby George Keith Pitman |
||
| 260 |
_aWashington, D.C. _bWorld Bank _c2002 |
||
| 300 | _a116p. | ||
| 650 | _aWater resource development | ||
| 650 | _aNatural resources | ||
| 650 | _aIrrigation | ||
| 999 |
_c288768 _d288768 |
||